| 000 | 00477nam a2200157 a 4500 | ||
|---|---|---|---|
| 001 | 000029789 | ||
| 005 | 20200930055816.0 | ||
| 008 | 110425d1983 dr 000 0 spa d | ||
| 040 |
_aDO-SdBNP _bspa _cBNPHU |
||
| 100 | 1 |
_aGonzález Tirado, Rafael _93030 |
|
| 245 | 1 | 3 |
_aEl complejo de inferioridad linguística / _cRafael González Tirado. |
| 260 |
_aSanto Domingo : _bLoteria Nacional, _c1983. |
||
| 300 |
_a18 p. ; _c21 cm. |
||
| 540 | _aBibliografía : p. 17 | ||
| 049 | _aBNPD | ||
| 999 |
_c29281 _d29281 |
||